[Event "Krasnodar op"]
[Site "Krasnodar"]
[Date "1996.??.??"]
[Round "3"]
[White "Alavkin, Arseny"]
[Black "Poluljahov, Aleksandr"]
[Result "1/2-1/2"]
[WhiteElo "2290"]
[BlackElo "2480"]

1.e4 c5 2.Nf3 Nc6 3.Bb5 g6 4.O-O Bg7 5.Re1 Nf6 6.e5 Nd5 7.Nc3 Nc7 8.Bxc6 dxc6
9.Ne4 Ne6 10.d3 O-O 11.Be3 b6 12.Qd2 f5 13.exf6 exf6 14.Bh6 a5 15.Bxg7 Kxg7
16.Qc3 Ra7 17.Rad1 Re8 18.Re3 Nd4 19.Rde1 Nb5 20.Qd2 Rae7 21.h3 Nc7 22.Ng3 Rxe3
23.fxe3 Be6 24.e4 Bf7 25.b3 Ne6 26.Ne2 Nd4 27.Nexd4 cxd4 28.Qf4 c5 29.e5 fxe5
30.Nxe5 Bd5  1/2-1/2

[Event "Las Palmas op"]
[Site "Las Palmas"]
[Date "1996.??.??"]
[Round "1"]
[White "Prada, Fernando"]
[Black "Razuvaev, Yuri S"]
[Result "0-1"]
[WhiteElo "2195"]
[BlackElo "2560"]

1.e4 c5 2.Nf3 Nc6 3.Bb5 g6 4.O-O Bg7 5.Re1 e5 6.c3 Nge7 7.d3 O-O 8.Be3 d6
9.d4 exd4 10.cxd4 Bg4 11.dxc5 dxc5 12.Nc3 Qa5 13.Be2 Rad8 14.Qb3 b6 15.Nd5 Nxd5
16.exd5 Bxf3 17.Bxf3 Nd4 18.Bxd4 Bxd4 19.Rad1 b5 20.a3 Rfe8 21.Rxe8+ Rxe8
22.Kf1 Qb6 23.Qc2 a5 24.b3 Qf6 25.h3 Qf4 26.Re1 Rxe1+ 27.Kxe1 Qh2 28.Qe2 Bc3+
29.Kd1 Qg1+ 30.Kc2 Qa1 31.Kd3 Bf6 32.Qe8+ Kg7 33.Qxb5 Qf1+ 34.Be2 Qb1+ 35.Ke3 Bd4+
36.Kd2 Qb2+ 37.Kd1 Bc3 38.Qd3 Qxb3+ 39.Kc1 Qxa3+ 40.Kc2 Qb2+ 41.Kd1 a4 42.Qc2 Qb4
43.d6 a3 44.d7 Qd4+ 45.Kc1 Bb2+ 46.Kb1 Qxd7 47.Qxc5 Qd2 48.Bc4  0-1

[Event "Las Palmas op"]
[Site "Las Palmas"]
[Date "1996.??.??"]
[Round "9"]
[White "Rausis, Igors"]
[Black "Mellado Trivino, Juan"]
[Result "1/2-1/2"]
[WhiteElo "2495"]
[BlackElo "2455"]

1.e4 c5 2.Nf3 Nc6 3.Bb5 g6 4.O-O Bg7 5.Nc3 d6 6.d3 Bd7 7.Bg5 h6 8.Bd2 a6
9.Bxc6 Bxc6 10.Rb1 e5 11.b4  1/2-1/2

[Event "NLD-ch stud Leeuwarden"]
[Site "Leeuwarden"]
[Date "1996.??.??"]
[Round "5"]
[White "Kroeze, Frank M"]
[Black "Strating, Sybolt"]
[Result "1-0"]
[WhiteElo "2390"]
[BlackElo "2310"]

1.e4 c5 2.Nf3 Nc6 3.Bb5 g6 4.O-O Bg7 5.Re1 Qb6 6.Na3 d6 7.c3 a6 8.Bf1 Ne5
9.Nxe5 dxe5 10.Nc4 Qc7 11.a4 Nf6 12.d4 exd4 13.e5 Nd5 14.Nd6+ Kf8 15.Nxf7 Kxf7
16.Qf3+ Ke8 17.Qxd5 Qc6 18.Qb3 Be6 19.c4 Qc7 20.Qg3 a5 21.Bd3 Kd7 22.f4 Raf8
23.Bd2 Bf5 24.Bxf5+ Rxf5 25.Qf3 e6 26.Ra3 b6 27.Rb3 Rb8 28.g4 Rff8 29.Qh3 Rh8
30.f5 Bxe5 31.fxe6+ Ke8 32.Rf3 Qd6 33.Rxe5 Qxe5 34.Bf4 Qxe6 35.Bxb8 Qxc4
36.g5 Kd8 37.Qg3 Qe6 38.Rf6 Qe3+ 39.Qxe3 dxe3 40.Rf7 Re8 41.Kf1 Re4 42.Rxh7 Rxa4
43.Bc7+ Ke8 44.Bxb6 Rb4 45.Bxc5 Rxb2 46.Bxe3 a4 47.Ra7 Rb3 48.Ke2 a3 49.Bc1  1-0

[Event "NLD-ch stud Leeuwarden"]
[Site "Leeuwarden"]
[Date "1996.??.??"]
[Round "6"]
[White "Reinderman, Dimitri"]
[Black "Van der Weide, Karel"]
[Result "0-1"]
[WhiteElo "2495"]
[BlackElo "2345"]

1.e4 c5 2.Nf3 Nc6 3.Bb5 g6 4.O-O Bg7 5.c3 e5 6.d4 cxd4 7.cxd4 exd4 8.Bf4 Nge7
9.Bd6 O-O 10.Nbd2 a6 11.Bc4 b5 12.Bd5 Bb7 13.Nb3 Nxd5 14.Bxf8 Qxf8 15.exd5 Nb4
16.a3 Nxd5 17.Na5 Qb8 18.Qd2 Nb6 19.Nxd4 Bd5 20.Rad1 Qe5 21.Rfe1 Qf6 22.b3 Rc8
23.Ne2 g5 24.Rc1 Rf8 25.Rc5 Re8 26.Rcc1 Ba8 27.Ng3 Rf8 28.Nh5 Qg6 29.Nxg7 Kxg7
30.Qd4+ Kg8 31.h3 Nd5 32.f3 Nf4 33.Rc3 d5 34.Rce3 Qc2  0-1

[Event "Leiner op"]
[Site "Leiner"]
[Date "1996.??.??"]
[Round "3"]
[White "Horvath, Sandor"]
[Black "Ebner, Walter"]
[Result "1-0"]
[WhiteElo "2295"]
[BlackElo "2210"]

1.e4 c5 2.Nf3 Nc6 3.Bb5 g6 4.O-O Bg7 5.Re1 Nf6 6.c3 O-O 7.d4 cxd4 8.cxd4 a6
9.Bf1 d6 10.h3 Bd7 11.Nc3 Rc8 12.Bg5 h6 13.Be3 Na5 14.Qd2 Kh7 15.b3 b5 16.e5 Ng8
17.exd6 exd6 18.Ne4 Nb7 19.Rac1 Re8 20.Neg5+  1-0

[Event "Leiner op"]
[Site "Leiner"]
[Date "1996.??.??"]
[Round "5"]
[White "Grosar, Aljosa"]
[Black "Stanec, Nikolaus"]
[Result "1/2-1/2"]
[WhiteElo "2470"]
[BlackElo "2490"]

1.e4 c5 2.Nf3 Nc6 3.Bb5 e6 4.O-O Nge7 5.Nc3 Nd4 6.Nxd4 cxd4 7.Ne2 Qb6 8.Ba4 g6
9.c3 dxc3 10.bxc3 Bg7 11.Ba3 Qa5 12.Rb1 a6 13.Bb4 Qc7 14.d4 b5 15.Bb3 d6
16.d5 exd5 17.exd5 O-O 18.Nd4  1/2-1/2

[Event "Leon University tt (Women)"]
[Site "Leon"]
[Date "1996.??.??"]
[Round "3"]
[White "Darchia, Diana"]
[Black "Stankovic, Marija"]
[Result "1-0"]
[WhiteElo "2105"]
[BlackElo "2145"]

1.e4 c5 2.Nf3 Nc6 3.Bb5 g6 4.O-O Bg7 5.Re1 e5 6.b4 cxb4 7.a3 Nge7 8.axb4 Nxb4
9.Ba3 Nbc6 10.Bd6 O-O 11.Nc3 Re8 12.Bxc6 dxc6 13.Bxe5 b5 14.Bxg7 Kxg7 15.d4 Bg4
16.d5 Bxf3 17.Qxf3 b4 18.Na2 cxd5 19.Nxb4 dxe4 20.Rxe4 Nf5 21.Rxe8 Qxe8 22.Qc3+ f6
23.Re1 Qd7 24.h3 a5 25.Nd3 a4 26.Nc5 Qd6 27.Ne6+ Kf7 28.Qc4 Ra7 29.Nc7+ Kf8
30.Re8+ Kg7 31.Rg8+ Kh6 32.Nb5 Qd1+ 33.Kh2 Rg7 34.Rxg7 Kxg7 35.Qxa4 Qe2 36.Qa7+ Kh6
37.Qc5 Qe4 38.Nc7 Nd4 39.Qf8+ Kg5 40.Qd6 Qxc2 41.f4+ Kh5 42.Qxd4 Qxc7 43.Qxf6 Kh6
44.Qf8+  1-0

[Event "Leon University tt (Women)"]
[Site "Leon"]
[Date "1996.??.??"]
[Round "4"]
[White "Darchia, Diana"]
[Black "Calzetta, Monica"]
[Result "0-1"]
[WhiteElo "2105"]
[BlackElo "2235"]

1.e4 c5 2.Nf3 Nc6 3.Bb5 e6 4.Nc3 Nge7 5.O-O a6 6.Bxc6 Nxc6 7.d4 cxd4 8.Nxd4 Qc7
9.Kh1 Be7 10.f4 d6 11.Be3 b5 12.a3 O-O 13.Qh5 Bf6 14.Nxc6 Qxc6 15.e5 Bb7
16.Rf3 g6 17.Qh3 dxe5 18.fxe5 Bxe5 19.Bh6 Rfd8 20.Raf1 f5 21.Re1 Bf6 22.Qg3 Qd6
23.Bf4 Qe7 24.Rfe3 Bh4 25.Qh3 Bxe1 26.Rxe1 Rd4 27.Qh6 Rc8 28.h3 Rcc4 29.Ne2 Re4
30.Rd1 Bd5 31.b3 Rxc2 32.Ng3 Rxf4 33.Qxf4 Bxg2+  0-1

[Event "Liechtenstein op"]
[Site "Liechtenstein"]
[Date "1996.??.??"]
[Round "7"]
[White "Sofrigin, Alexej"]
[Black "Schmidlechner, Alexander"]
[Result "1-0"]
[WhiteElo "2285"]
[BlackElo "2255"]

1.e4 c5 2.Nf3 Nc6 3.Bb5 g6 4.O-O Bg7 5.Re1 Nf6 6.c3 O-O 7.h3 d5 8.e5 Ne8
9.d4 cxd4 10.cxd4 Qb6 11.Nc3 Nc7 12.Bf1 Ne6 13.Na4 Qd8 14.g3 f6 15.Bg2 Nc7
16.Nc3 Bf5 17.exf6 exf6 18.Qb3 Bc8 19.Bf4 Na5 20.Qd1 Ne6 21.Be3 Nc4 22.Qb3 Nc7
23.Nxd5 Na5 24.Nxf6+ Kh8 25.Qa4 Na6 26.Ng4 Nc6 27.Nge5 Ncb4 28.Qb3 Nd5 29.Ng5 Bxe5
30.Bxd5 Bxd4  1-0

[Event "Anibal op 3rd"]
[Site "Linares"]
[Date "1996.??.??"]
[Round "?"]
[White "Wells, Peter K"]
[Black "Escobar Torres, Antonio"]
[Result "0-1"]
[WhiteElo "2495"]
[BlackElo "2165"]

1.e4 c5 2.Nf3 Nc6 3.Bb5 e6 4.O-O Nge7 5.Re1 a6 6.Bxc6 Nxc6 7.d4 cxd4 8.Nxd4 Be7
9.Nxc6 bxc6 10.Qg4 Kf8 11.e5 c5 12.Nd2 Bb7 13.Nc4 h5 14.Qg3 h4 15.Qh3 Rb8
16.Bd2 Bd5 17.Ba5 Qe8 18.Ne3 Bc6 19.b3 f6 20.Rad1 Qh5 21.Nc4 Rh6 22.Rd3 Kf7
23.Bc7 Rbh8 24.Na5 c4 25.bxc4 Ba4 26.Bd6 Bd8 27.Nb7 Rg6 28.Nxd8+ Rxd8 29.f3 Bxc2
30.Rd4 Rh8 31.f4 Ba4 32.Ba3 Bc6 33.Rd2 Rg4 34.Rf1 Qf5 35.Qe3 Rb8 36.exf6 gxf6
37.h3 Rg3  0-1

[Event "SWE-chB2"]
[Site "Linkoping"]
[Date "1996.??.??"]
[Round "?"]
[White "Angskog, Kent"]
[Black "Hjelm, Niclas"]
[Result "1/2-1/2"]
[WhiteElo "2240"]
[BlackElo "2325"]

1.e4 c5 2.Nf3 Nc6 3.Bb5 g6 4.O-O Bg7 5.c3 Nf6 6.Re1 O-O 7.h3 e5 8.Na3 Ne8
9.Nc4 Qe7 10.Ne3 Nc7 11.Bc4 Ne6 12.Nd5 Qd8 13.a3 d6 14.b4 Kh8 15.Rb1 f5 16.exf5 gxf5
17.d3 Rb8 18.b5 Ne7 19.Qa4 Ra8 20.b6 a6 21.Qb3  1/2-1/2

[Event "SWE-ch"]
[Site "Linkoping"]
[Date "1996.??.??"]
[Round "1"]
[White "Lindberg, Bengt"]
[Black "Ernst, Thomas"]
[Result "1/2-1/2"]
[WhiteElo "2355"]
[BlackElo "2410"]

1.e4 c5 2.Nf3 Nc6 3.Bb5 e6 4.O-O Nge7 5.Re1 a6 6.Bf1 d5 7.exd5 Nxd5 8.d4 Nf6
9.Be3 cxd4 10.Nxd4 Nxd4 11.Qxd4 Qxd4 12.Bxd4 Bd7 13.c4 Be7 14.Nc3  1/2-1/2

[Event "SWE-ch"]
[Site "Linkoping"]
[Date "1996.??.??"]
[Round "9"]
[White "Degerman, Lars"]
[Black "Lind, Jan Olov"]
[Result "1-0"]
[WhiteElo "2500"]
[BlackElo "2310"]

1.e4 c5 2.Nf3 Nc6 3.Bb5 g6 4.Bxc6 dxc6 5.d3 Bg7 6.Nc3 Nf6 7.Be3 b6 8.h3 Nd7
9.Qd2 h6 10.O-O-O Nf8 11.d4 cxd4 12.Bxd4 Bxd4 13.Nxd4 Bd7 14.Qe3 Qc7 15.f4 O-O-O
16.f5 Qe5 17.Nf3 Qa5 18.g4 e6 19.Qd4 Nh7 20.Ne5 c5 21.Qd6 Bb5 22.Qe7 Rde8
23.Qxf7 Ng5 24.Qxg6 Reg8 25.Qh5 Be8 26.Qh4 b5 27.Qf2 Qc7 28.Ng6 Rxg6 29.fxg6 b4
30.g7 Qxg7 31.Qxc5+ Qc7 32.Qxb4 Bc6 33.Rhf1 Nxh3 34.Rf8+ Rxf8 35.Qxf8+ Kb7
36.Rf1  1-0

[Event "Lippstadt"]
[Site "Lippstadt"]
[Date "1996.??.??"]
[Round "2"]
[White "Schlosser, Philipp"]
[Black "Brenke, Andreas"]
[Result "1-0"]
[WhiteElo "2560"]
[BlackElo "2275"]

1.e4 c5 2.Nf3 Nc6 3.Bb5 g6 4.O-O Bg7 5.Re1 Nf6 6.e5 Nd5 7.Nc3 Nc7 8.Bxc6 dxc6
9.Ne4 Ne6 10.d3 O-O 11.Be3 b6 12.Qd2 f5 13.exf6 exf6 14.Bh6 a5 15.Bxg7 Kxg7
16.a3 Rf7 17.b4 cxb4 18.axb4 Rfa7 19.Qc3 Bd7 20.bxa5 Rxa5 21.Rxa5 Rxa5 22.Nd4 Nxd4
23.Qxd4 Rd5 24.Qc3 Re5 25.Ra1 Ra5 26.Rxa5 bxa5 27.h3 h6 28.Qd4 Qe7 29.Qa7 a4
30.Qxa4 f5 31.Qd4+ Kf7 32.Nd6+ Ke6 33.Nc4  1-0

[Event "Lisboa Masters"]
[Site "Lisboa"]
[Date "1996.??.??"]
[Round "2"]
[White "Damaso, Rui"]
[Black "Frois, Antonio"]
[Result "1/2-1/2"]
[WhiteElo "2415"]
[BlackElo "2380"]

1.e4 c5 2.Nf3 Nc6 3.Bb5 g6 4.O-O Bg7 5.Re1 Nf6 6.e5 Nd5 7.Nc3 Nc7 8.Bxc6 dxc6
9.Ne4 Ne6 10.d3 O-O 11.Be3 b6 12.Qd2 Nd4 13.Nxd4 cxd4 14.Bh6 c5 15.h4 Bb7
16.h5 Qd5 17.Bxg7 Kxg7 18.Qf4 Rae8 19.f3 Qe6 20.Nf6 Rd8 21.Qh4 h6 22.Ng4 g5  1/2-1/2

[Event "Lisboa Masters"]
[Site "Lisboa"]
[Date "1996.??.??"]
[Round "9"]
[White "Galego, Luis"]
[Black "Cordovil, Joao"]
[Result "1-0"]
[WhiteElo "2445"]
[BlackElo "2310"]

1.e4 c5 2.Nf3 Nc6 3.Bb5 Nf6 4.Qe2 e6 5.Bxc6 dxc6 6.O-O Qc7 7.d3 e5 8.Nbd2 b5
9.a4 a6 10.b3 Nh5 11.g3 g6 12.Bb2 f6 13.c3 Bh3 14.Rfd1 Qd7 15.Nh4 Rd8 16.axb5 axb5
17.Nf1 Be7 18.Ne3 O-O 19.Nhg2 Qe6 20.c4 Ng7 21.Ra6 Rd6 22.f4 Rfd8 23.Bc3 b4
24.Bb2 Bf8 25.fxe5 fxe5 26.Ne1 Be7 27.Nf3 Bf6 28.Ra5 Qe7 29.Rxc5 Qa7 30.Rxe5 Qa2
31.Qc2 Bxe5 32.Nxe5 Qa7 33.c5 Re6 34.Nf3 Ree8 35.Ng5 Be6 36.Nxe6 Nxe6 37.Ng4 Qxc5+
38.Qxc5 Nxc5 39.Rf1  1-0

[Event "Ljubljana op"]
[Site "Ljubljana"]
[Date "1996.??.??"]
[Round "2"]
[White "Kovacic, Peter"]
[Black "Pavasovic, Dusko"]
[Result "0-1"]
[WhiteElo "2140"]
[BlackElo "2425"]

1.e4 c5 2.Nf3 Nc6 3.Bb5 g6 4.O-O Bg7 5.c3 Nf6 6.Re1 O-O 7.d4 cxd4 8.cxd4 d5
9.e5 Ne4 10.Nc3 Nxc3 11.bxc3 f6 12.Ba3 Bg4 13.e6 Qc8 14.Qe2 Qc7 15.h3 Bxf3
16.Qxf3 Rfd8 17.Ba4 Rac8 18.Bb3 Qa5 19.Bc5 b6 20.Bxd5 Ne5 21.dxe5 Rxc5 22.Bb3 Rxc3
23.Qb7 Qc5 24.Rad1 Rf8 25.Rd5 Qb4 26.Red1 fxe5 27.Rd8 Bf6 28.Rxf8+ Kxf8 29.Qxa7 Qc5
30.Qb8+ Kg7 31.Qe8 Rc1 32.Qd7 e4 33.Qd2 Rc3 34.Qe2 e3 35.fxe3 Rxe3 36.Qf2 Re1+
37.Rxe1 Bd4 38.Qxd4+ Qxd4+ 39.Kf1 h5 40.Rd1 Qf4+ 41.Kg1 g5 42.Rf1 Qe3+ 43.Kh1 g4
44.hxg4 hxg4 45.Kh2 Qe5+ 46.g3 Qh5+ 47.Kg1 Qh3 48.Rf7+ Kh6 49.Rxe7 Qxg3+
50.Kf1 Qh3+ 51.Ke2 Qh2+ 52.Ke3 Qe5+  0-1

[Event "Ljubljana op"]
[Site "Ljubljana"]
[Date "1996.??.??"]
[Round "8"]
[White "Kovacic, Peter"]
[Black "Semrl, Marjan"]
[Result "1/2-1/2"]
[WhiteElo "2140"]
[BlackElo "2150"]

1.e4 c5 2.Nf3 Nc6 3.Bb5 Qb6 4.Nc3 e6 5.O-O Nge7 6.Re1 Nd4 7.a4 Nec6 8.Bxc6 dxc6
9.d3 Be7 10.a5 Qc7 11.e5 O-O 12.Ng5 h6 13.Nh3 Bd7 14.Bf4 Qd8 15.Ne4 f5 16.exf6 Bxf6
17.Nxc5 e5 18.Nxd7 Qxd7 19.Bg3 Rae8 20.f3 Bd8 21.Nf2 Qd5 22.b4 Nf5 23.c4 Qd6
24.Qb3 Qg6 25.Ng4 Nxg3 26.hxg3 h5 27.Nxe5 Qxg3 28.d4 Bg5 29.c5+ Kh7 30.Qd3+ Kg8
31.Qc4+ Kh7 32.Qd3+ Kg8  1/2-1/2

[Event "Loures2"]
[Site "Loures"]
[Date "1996.??.??"]
[Round "2"]
[White "Rocha, Sergio"]
[Black "Caselas, Jacobo"]
[Result "1-0"]
[WhiteElo "2400"]
[BlackElo "2350"]

1.e4 c5 2.Nf3 Nc6 3.Bb5 e6 4.Bxc6 bxc6 5.O-O Ne7 6.b3 Ng6 7.e5 Be7 8.Ba3 f6
9.exf6 Bxf6 10.Nc3 d6 11.d4 cxd4 12.Ne4 c5 13.b4 Bb7 14.Re1 e5 15.Nfd2 cxb4
16.Bxb4 Be7 17.Qf3 Rb8 18.Ba3 Rf8 19.Qh5 Kf7 20.Bxd6 Kg8 21.Bxb8 Qxb8 22.Ng5 Bxg5
23.Qxg5 Qc8 24.Rac1 Qc5 25.f3 Bd5 26.h4 Qc8 27.h5 Rf5 28.Qg4 Nf4 29.Rxe5 Be6
30.Rxf5 Ne2+ 31.Kf2 Bxf5 32.Qg5 Nxc1 33.h6 Bg6 34.Ne4 Qxc2+ 35.Kg3 Qc7+ 36.Kh3 Qd7+
37.Kh2 Qc7+ 38.Kh1 Qc8 39.Qe7 gxh6 40.Nf6+ Kh8 41.Ng4 d3 42.Qf6+  1-0

[Event "Loures"]
[Site "Loures"]
[Date "1996.??.??"]
[Round "8"]
[White "Rocha, Sergio"]
[Black "Permuy, Carlos"]
[Result "1-0"]
[WhiteElo "2400"]
[BlackElo "2315"]

1.e4 c5 2.Nf3 Nc6 3.Bb5 g6 4.Bxc6 dxc6 5.O-O Bg7 6.d3 Bg4 7.h3 Bxf3 8.Qxf3 Nf6
9.Nd2 O-O 10.a4 a5 11.Kh1 b6 12.Qe3 e5 13.Nc4 Qc7 14.Bd2 Nd7 15.Qg3 Nf6 16.Qh4 Nh5
17.g3 Rab8 18.Rg1 Rb7 19.Raf1 Re8 20.f4 exf4 21.gxf4 Kh8 22.f5 b5 23.f6 Nxf6
24.Nxa5 Nxe4 25.dxe4 Ra7 26.axb5 cxb5 27.Rf4 Bxb2 28.Rgf1 Re7 29.Qh6 Kg8
30.Rh4 f6 31.Nb3 c4 32.Nc1 Qc6 33.Rg1 f5 34.Bb4 Bg7 35.Qe3 Rf7 36.Ne2 Ra8
37.Nc3 Re8 38.Re1 Bf6 39.Rh6 Bg7 40.Rh4 Bf6 41.Rh6 Rd7 42.Qg3 Kg7 43.Rh4 Bxh4
44.Qxh4 Rd2 45.Nd5 Rxd5 46.exd5 Qxd5+ 47.Kg1 Rxe1+ 48.Qxe1 Qd4+ 49.Kg2 Qd5+
50.Kg3 g5 51.Qe7+ Kg6 52.Qe8+ Qf7 53.Qc6+ Kh5 54.Qxb5 Qe6 55.Qc5 f4+ 56.Kg2 Qe4+
57.Kg1 Qxc2 58.Qe7 Qd1+ 59.Be1 Qd3 60.Kg2 Qe3 61.Qxh7+  1-0

[Event "RL-chB"]
[Site "Ludwigshafen"]
[Date "1996.??.??"]
[Round "?"]
[White "Diehl, Klaus"]
[Black "Gulde, J."]
[Result "0-1"]
[WhiteElo "2085"]
[BlackElo "1860"]

1.e4 c5 2.Nf3 Nc6 3.Bb5 g6 4.O-O Bg7 5.Re1 e5 6.c3 Nge7 7.d3 O-O 8.Be3 d6
9.Nbd2 h6 10.Nf1 Bg4 11.h3 Bc8 12.d4 cxd4 13.cxd4 f5 14.exf5 e4 15.Nh4 Bxf5
16.g4 Bd7 17.Ng3 d5 18.f4 Kh7 19.Rf1 Qb6 20.Bxc6 Nxc6 21.Ne2 Qxb2 22.Rb1 Qa3
23.Rb3 Qe7 24.Nxg6 Kxg6 25.f5+ Kh7 26.Nf4 Be8 27.Nxd5 Qd6 28.Rxb7 Qxd5 29.f6 Rf7
30.Qb1 Nxd4 31.Rxf7 Bxf7 32.g5 Rg8  0-1

[Event "Makarska"]
[Site "Makarska"]
[Date "1996.??.??"]
[Round "1"]
[White "Arapovic, Vitomir"]
[Black "Palac, Mladen"]
[Result "1/2-1/2"]
[WhiteElo "2415"]
[BlackElo "2545"]

1.e4 c5 2.Nf3 Nc6 3.Bb5 d6 4.Bxc6+ bxc6 5.h3 e5 6.O-O Be7 7.c3 f5 8.d4 fxe4
9.Nfd2 exd4 10.cxd4 d5 11.dxc5 Ba6 12.Re1 Nh6 13.Nxe4 dxe4 14.Qa4 Bd3 15.Bxh6 gxh6
16.Qxc6+ Kf7 17.Nc3  1/2-1/2

[Event "Manresa op"]
[Site "Manresa"]
[Date "1996.??.??"]
[Round "3"]
[White "Perez, J."]
[Black "Campos, Jose Felix"]
[Result "0-1"]
[WhiteElo "2235"]
[BlackElo "2485"]

1.e4 c5 2.Nf3 Nc6 3.Bb5 g6 4.c3 Nf6 5.Qe2 Bg7 6.O-O O-O 7.d3 d6 8.Nbd2 e5
9.Rd1 Nh5 10.Nf1 Kh8 11.d4 Qe7 12.Bxc6 bxc6 13.dxc5 dxc5 14.Be3 Nf4 15.Qc4 Ne6
16.N1d2 a5 17.a4 Ba6 18.Qa2 f5 19.Nc4 f4 20.Bd2 Nd8 21.Be1 Nb7 22.h3 Bf6
23.Nh2 h5 24.f3 Rfd8 25.b3 Bxc4 26.bxc4 Bh4 27.Bxh4 Qxh4 28.Nf1 Qe7 29.Rab1 Nd6
30.Qe2 Rab8 31.Nd2 Qe6 32.Nb3 Qxc4 33.Qxc4 Nxc4 34.Nxc5 Rxb1 35.Rxb1 Rd2
36.Ne6 Kg8 37.Rb8+ Kf7 38.Ng5+ Ke7 39.Rb7+ Rd7 40.Rxd7+ Kxd7 41.Nf7 Ke7  0-1

[Event "Manresa op"]
[Site "Manresa"]
[Date "1996.??.??"]
[Round "3"]
[White "Magem Badals, Jorge"]
[Black "Ayas, Antonio"]
[Result "1/2-1/2"]
[WhiteElo "2570"]
[BlackElo "2270"]

1.e4 c5 2.Nf3 Nc6 3.Bb5 g6 4.Bxc6 dxc6 5.h3 Bg7 6.d3 e5 7.Be3 Qe7 8.a4 Nf6
9.Nbd2 O-O 10.Nc4 Ne8 11.Qd2 Nc7 12.O-O f6 13.Kh1 Ne6 14.Ng1 Bd7 15.Ne2 Nd4
16.Nc3 Be6 17.b3 Rad8 18.a5 Rd7 19.Na4 Rfd8 20.Rab1 Bf7 21.f3 Bf8 22.Qf2 g5
23.Bc1 Nb5 24.g3 Bg6 25.Kh2 Nd4 26.Ba3 Ne6 27.b4 cxb4 28.Bxb4 Qe8 29.Nc5 Nxc5
30.Bxc5 Bxc5 31.Qxc5 a6 32.Rb4 Qe7 33.Qxe7 Rxe7 34.Rfb1 Rdd7 35.Nb6 Rc7 36.Na4 c5
37.Rc4 Be8 38.Nb6 Bf7 39.Rc3 Kg7 40.Kg2 Be6 41.Kf2 h5 42.h4 Kg6 43.Ke3 Rg7
44.Na4 c4 45.Rb6 Rge7 46.Rd6 gxh4 47.gxh4 Kf7 48.d4 exd4+ 49.Rxd4 Re8 50.Rd1 Rg8
51.Nb6 Rc5 52.Nd5 Rd8 53.Rd4 Bxd5 54.exd5 Rdxd5  1/2-1/2

[Event "Mar del Plata op"]
[Site "Mar del Plata"]
[Date "1996.??.??"]
[Round "3"]
[White "Pereyra Arcija, Diego"]
[Black "Churin, Leonardo"]
[Result "1/2-1/2"]
[WhiteElo "2430"]
[BlackElo "2310"]

1.e4 c5 2.Nf3 Nc6 3.Bb5 g6 4.O-O Bg7 5.Bxc6 dxc6 6.d3 Nh6 7.c3 f6 8.a4 e5
9.Na3 Be6 10.Be3 b6 11.h3 Nf7 12.d4 cxd4 13.cxd4 O-O 14.Qc2 Rc8 15.Rfd1 Qc7
16.Rac1 Qb8 17.dxe5 fxe5 18.Nc4 c5 19.Ng5 Nxg5 20.Bxg5 Bf6 21.Bxf6 Rxf6 22.Ne3 Rff8
23.Nd5 Rcd8 24.Qc4 Qb7 25.Rc2 Bxd5 26.Rxd5 Rxd5 27.Rd2 Rd8 28.exd5 Qf7 29.g3 Rd6
30.Kg2 Kg7 31.a5 Qf5 32.a6 h5 33.b4 cxb4 34.Qxb4 Qd7 35.Qc3 Qf5 36.Qc7+ Qd7
37.Qxd7+ Rxd7 38.Kf3 Kf6 39.Ke4 Rd6 40.Rd3 b5 41.Rf3+ Ke7 42.Rb3  1/2-1/2

[Event "Mar del Plata op"]
[Site "Mar del Plata"]
[Date "1996.??.??"]
[Round "6"]
[White "Mosconi, Ariel"]
[Black "Amura, Claudia Noemi"]
[Result "0-1"]
[WhiteElo "2215"]
[BlackElo "2360"]

1.e4 c5 2.Nf3 Nc6 3.Bb5 g6 4.O-O Bg7 5.Re1 Nf6 6.e5 Nd5 7.c3 O-O 8.d4 cxd4
9.cxd4 d6 10.exd6 Qxd6 11.Nc3 Bg4 12.Bxc6 bxc6 13.Bg5 e6 14.Ne4 Qb4 15.a3 Qxb2
16.Re2 Qb6 17.Rb1 Bxf3 18.Rxb6 Bxe2 19.Qxe2 axb6 20.h4 Bxd4 21.h5 Rxa3 22.Bh6 Rfa8
23.hxg6 hxg6 24.Qg4 Nf6 25.Nxf6+ Bxf6 26.Qf4 Bh8 27.Qc7 b5 28.Bd2 Bc3 29.Be3 b4
30.Qxc6 Be5 31.f4 b3 32.Ba7 R3xa7  0-1

[Event "Maribor"]
[Site "Maribor"]
[Date "1996.??.??"]
[Round "?"]
[White "Pavasovic, Dusko"]
[Black "Podlesnik, Bogdan"]
[Result "1/2-1/2"]
[WhiteElo "2425"]
[BlackElo "2410"]

1.e4 c5 2.Nf3 Nc6 3.Bb5 e6 4.O-O Nge7 5.b3 Nd4 6.Nxd4 cxd4 7.c3 Nc6 8.Bb2 Bc5
9.b4 Bb6 10.a4 a6 11.Be2 O-O 12.b5 dxc3 13.dxc3 axb5 14.axb5 Rxa1 15.Bxa1 Ne5
16.c4 Qc7 17.Nd2 Ng6 18.g3 e5 19.Nb3 d6 20.Qd3 f5 21.Qd5+ Kh8 22.Rd1 fxe4
23.c5 dxc5 24.Bc4 Bg4 25.Re1 Bf3 26.Nd2 Ba5 27.Nxf3 exf3 28.Re3 Qc8 29.Bxe5 Nxe5
30.Rxe5 Bc3 31.Re3 Bf6 32.Rxf3 Rd8 33.Qf7 Rf8 34.Qd5 Rd8 35.Qf7 Rf8 36.Qh5 g6
37.Qd5 Rd8 38.Qf7 Rf8 39.Qd5 Rd8 40.Qf7 Rf8 41.Qd5  1/2-1/2

[Event "Maribor"]
[Site "Maribor"]
[Date "1996.??.??"]
[Round "?"]
[White "Barle, Janez"]
[Black "Kozul, Zdenko"]
[Result "0-1"]
[WhiteElo "2430"]
[BlackElo "2580"]

1.e4 c5 2.Nf3 Nc6 3.Bb5 Na5 4.O-O a6 5.Be2 e6 6.c3 Nf6 7.e5 Nd5 8.d4 cxd4
9.cxd4 Be7 10.Nbd2 b5 11.Ne4 h6 12.Bd2 Bb7 13.Nc5 Bxc5 14.dxc5 Nc6 15.a4 b4
16.Bd3 f5 17.exf6 Qxf6 18.Be4 O-O 19.Bxd5 exd5 20.Qb3 Kh8 21.Bxb4 d4 22.Bd2 Nd8
23.Rae1 Bxf3 24.Qxf3 Qxf3 25.gxf3 a5 26.Re4 Nc6 27.Bf4 Rf5 28.Rc1 Raf8 29.Bd6 R8f7
30.f4 Rd5 31.Rd1 Kh7 32.Rd3 Kg6 33.f3 Kf5 34.Kf2 Rf6 35.h4 Re6 36.Rxe6 Kxe6
37.Rd1 Rh5 38.Kg3 Kd5 39.b3 g6 40.Bf8 Rf5 41.Bd6 Rf6 42.Kf2 Re6 43.Re1 Rxe1
44.Kxe1 h5 45.Kd2 Nd8 46.Kc2 Ne6 47.Be7 Nxc5 48.Bd8 d3+ 49.Kc3 d2 50.Kxd2 Nxb3+
51.Kc3 Nc5 52.Bxa5 Nxa4+ 53.Kd3 Nb2+ 54.Ke2 Ke6 55.Bc3 Nc4 56.Kd3 Nd6 57.Ba5 Kf5
58.Bc7 Ne8 59.Bd8 Ng7 60.Bg5 Ne6 61.Ke3 d5 62.Bh6 Nxf4 63.Kd4 Ne6+ 64.Kxd5 g5
65.Kd6 gxh4 66.Be3 h3 67.Bg1 Ng5  0-1

[Event "Maribor"]
[Site "Maribor"]
[Date "1996.??.??"]
[Round "?"]
[White "Grosar, Aljosa"]
[Black "Podlesnik, Bogdan"]
[Result "1/2-1/2"]
[WhiteElo "2470"]
[BlackElo "2410"]

1.e4 c5 2.Nf3 Nc6 3.Bb5 e6 4.O-O Nge7 5.b3 Nd4 6.Nxd4 cxd4 7.c3 a6 8.Bd3 Nc6
9.cxd4 Nxd4 10.Nc3 Be7 11.Qg4 O-O 12.Bb2 d6 13.Ne2 e5 14.Qg3 Bh4 15.Qe3 Bg5
16.Qg3 Bh4 17.Qe3 Bg5 18.Qg3  1/2-1/2

[Event "LTU-ch (Women)"]
[Site "Marijampole"]
[Date "1996.??.??"]
[Round "7"]
[White "Milasiute, Vygante"]
[Black "Cmilyte, Viktorija"]
[Result "1-0"]
[WhiteElo "2060"]
[BlackElo "2110"]

1.e4 c5 2.Nf3 Nc6 3.Bb5 g6 4.Bxc6 dxc6 5.h3 e5 6.d3 f6 7.Nc3 Nh6 8.Be3 Nf7
9.Qe2 Bd6 10.Nd2 Qe7 11.g3 Be6 12.f4 b6 13.Qf2 Qd7 14.Qg2 h5 15.Ne2 Qc7 16.O-O Qd7
17.Kh2 O-O-O 18.a4 h4 19.g4 exf4 20.Bxf4 f5 21.g5 Rh5 22.Nf3 fxe4 23.dxe4 Bc4
24.e5 Be7 25.Rad1 Qf5 26.Nfd4 cxd4 27.Qxc6+ Kb8 28.Qxc4 Rc8 29.Qxd4 Qe6 30.Qd7 Nd8
31.Qd2 Nc6 32.c3 Rd8 33.Qe3 Rhh8 34.Nd4 Nxd4 35.cxd4 Rd5 36.Qf2 Rhd8 37.Be3 Bc5
38.Qf6 Qe8 39.Qf4 Qxa4 40.Ra1 Qb3 41.dxc5 Qxb2+ 42.Kh1 Rxe5 43.Qxe5+ Qxe5
44.Bf4  1-0

[Event "SVK-ch"]
[Site "Martin"]
[Date "1996.??.??"]
[Round "9"]
[White "Chernyshov, Konstantin"]
[Black "Maslik, Miroslav"]
[Result "0-1"]
[WhiteElo "2470"]
[BlackElo "2215"]

1.e4 c5 2.Nf3 Nc6 3.Bb5 g6 4.O-O Bg7 5.c3 Nf6 6.d3 O-O 7.h3 Qc7 8.Be3 d6
9.Nbd2 Bd7 10.d4 Nxd4 11.Bxd7 Nxf3+ 12.Nxf3 Nxd7 13.Qc2 Rab8 14.Rad1 b5 15.Rfe1 Rfc8
16.h4 Qa5 17.h5 b4 18.Bg5 bxc3 19.b3 Re8 20.Rd5 Qb4 21.Qe2 a5 22.h6 Bh8 23.e5 Nxe5
24.Nxe5 Bxe5 25.Qf3 f6 26.Bc1 e6 27.Rexe5 fxe5 28.Qf6 Qb7 29.Rxd6 Qf7 30.Qxe5 Red8
31.Rxd8+ Rxd8 32.Qxc3 Rd1+ 33.Kh2 Qe7 34.g3 Qb7 35.f3 Qd7 36.Kg2 Qd4 37.Qc2 Rg1+
38.Kh2 Qd1 39.Qxd1 Rxd1 40.Be3 Rd5 41.Kg2 Kf7 42.Kf2 Ke7 43.Ke2 Kd6 44.Bd2 a4
45.bxa4 c4 46.a5 Kc6  0-1

[Event "Wch U20"]
[Site "Medellin"]
[Date "1996.??.??"]
[Round "4"]
[White "Zhang Zhong"]
[Black "Shariyazdanov, Andrey"]
[Result "1/2-1/2"]
[WhiteElo "2425"]
[BlackElo "2470"]

1.e4 c5 2.Nf3 Nc6 3.Bb5 e6 4.O-O Nge7 5.b3 a6 6.Bxc6 Nxc6 7.Bb2 b5 8.d4 cxd4
9.Nxd4 Qf6 10.a4 b4 11.Ra2 Nxd4 12.Bxd4 Qg6 13.Nd2 Bb7 14.f3 Be7 15.Nc4 O-O
16.Be5 Bc6 17.Bd6 Qg5 18.Ra1 f5 19.f4 Qh4 20.g3 Qf6 21.e5 Qf7 22.Bxe7 Qxe7
23.Qd6 Qxd6 24.Nxd6 Ra7 25.Rad1 Bd5 26.Rd4 a5 27.Nb5 Rb7 28.Rfd1 Bc6 29.Nd6 Rc7
30.Rc4 Ra8 31.Rc5 h6 32.Kf2 Raa7 33.Rd2 Bh1 34.Rb5 Ra8 35.Nc4 Rca7 36.Ke3 Bc6
37.Rc5 Kf8 38.Nb6 Re8 39.Nc4 Rea8 40.Rd6 Ke7 41.Kd4 g5 42.h3 gxf4 43.gxf4 Kf7
44.Ke3 Ke7 45.Kf2 Rg8 46.Ne3 Ra6 47.Rd1 Rg7 48.Rg1 Rxg1 49.Kxg1 d6 50.exd6+ Kxd6
51.Re5 Bd5 52.Kf2 Kc5 53.Ke2 Kd4 54.Kd2 Be4 55.Nc4 Bd5 56.Ne3 Be4 57.h4 h5
58.Nc4 Bd5  1/2-1/2